| 000 | 00751nam a2200241Ia 4500 | ||
|---|---|---|---|
| 003 | OSt | ||
| 005 | 20220923214153.0 | ||
| 006 | a|||||r|||| 00| 0 | ||
| 007 | ta | ||
| 008 | 220922b |||||||| |||| 00| 0 hin d | ||
| 024 | _a167,590 | ||
| 037 | _cTextual | ||
| 040 |
_aARTS _cARTS _bhin |
||
| 041 |
_2hin _ahin |
||
| 082 | _aO152,1I00x, H6 | ||
| 100 | _aकबीर | ||
| 245 | 0 | _aकबीर वचनवाली, अयोध्यासिंह उपाध्याय संपा | |
| 246 | _aKabīr vachanavālī, ayodhyāsianha upādhyāya sanpā | ||
| 260 | _c1946 | ||
| 650 |
_aहिन्दी साहित्य _9156264 |
||
| 942 |
_hO152,1I00x, H6 _cTEXL _2CC |
||
| 999 |
_c322060 _d322060 |
||